Culture Générale - Série 2325 - Statistiques

Statistiques générales
  • Ce quiz a été pris 260 fois
  • Le résultat moyen est 6 sur 10
Statistiques - réponses
Question Réponse % Correct
A quel objet associe-t-on Damoclès ? épée
99%
Elle peut être brasse ou papillon ? nage
99%
Quel est le prénom de l'actrice américano-danoise Johansson ? voir photo Scarlett
81%
Sous la féodalité, comment appelait-on un paysan qui était attaché à une terre et dépendait d'un seigneur ? serf
72%
Quel est le prénom de la cheffe cuisinière française Darroze ? Hélène
59%
Cube numéroté sur lequel se place le nageur au départ d'une compétition. plot
57%
A quel écrivain doit-on la série des Commissaire Maigret ? prénom et nom Georges Simenon
44%
Comment appelait-on un poète grec antique ? aède
30%
Quel mot breton est aussi utilisé pour désigner une ria ? aber
27%
Crocus sativus est le nom scientifique de la fleur de .... safran
23%
Aucun quiz correspondant
Distribution des résultats
% des personnes avec chaque résultat
Percentile par nombre de réponses
Votre historique - résultats
Vous n’avez pas pris ce quiz